000 00522cam a22002171 4500
001 sa 67006398
003 DLC
005 20260227112406.0
008 941010m19621965ii 000 0 telo
010 _asa 67006398
025 _aPL480:I-Te-791
035 _a(OCoLC)31253725
040 _aDLC
_cCU
_dCU
_dDLC
050 0 0 _aPL4780.9.J6
_bN3
100 1 _aJoshua, Gurram,
_d1895-1971.
245 1 0 _aNā katha.
260 _c[1962- ; v. 1, 1965]
300 _av.
_c18 cm.
500 _aIn Telugu.
500 _aA poem.
999 _c75914
_d75914